000 00763nam a2200253Ia 4500
003 OSt
005 20220918170028.0
006 a|||||r|||| 00| 0
007 ta
008 220917b |||||||| |||| 00| 0 eng d
020 _a8187096160 (pbk)
_c10
024 _a265,959
037 _b049, 30/03/2012, Sindhi Academy,Delhi
_cTextual
040 _aARTS
_cARTS
_beng
041 _2eng
_aeng
082 _aO1593,3N46x, N8
100 _aBalwani Hundraj
_926697
245 0 _aBarani joon lok randiyun
260 _aDelhi
_bSindhi Academy India
_c2004
300 _a73p.
_ccm.
650 _aLiterature Sindhi
_926698
942 _hO1593,3N46x, N8
_cTEXL
_2CC
999 _c132289
_d132289